Подробности
| 000 -МАРКЕР |
| контрольное поле |
02155nam0a2200349 4500 |
| 001 - ИДЕНТИФИКАТОР ЗАПИСИ |
| контрольное поле |
RU\NLR\bibl\1120999 |
| 005 - ИДЕНТИФИКАТОР ВЕРСИИ |
| контрольное поле |
20260412063454.0 |
| 010 ## - МЕЖДУНАРОДНЫЙ СТАНДАРТНЫЙ НОМЕР КНИГИ (ISBN) |
| Номер (ISBN) |
5-903108-04-0 |
| 021 ## - НОМЕР ГОСУДАРСТВЕННОЙ РЕГИСТРАЦИИ |
| Код страны |
Российская Федерация |
| Номер |
2007-47246 |
| Номер Листа государственной регистраци |
2510 |
| 035 ## - ДРУГИЕ СИСТЕМНЫЕ НОМЕРА |
| Идентификатор записи |
(NLR Aleph) 001107973 |
| 100 ## - ДАННЫЕ ОБЩЕЙ ОБРАБОТКИ |
| Данные общей обработки |
20070827d2006 |||y0rusy50 ca |
| 101 0# - ЯЗЫК РЕСУРСА |
| Язык текста, звукозаписи и т.д. |
русский |
| 102 ## - СТРАНА ПУБЛИКАЦИИ ИЛИ ПРОИЗВОДСТВА |
| Страна публикации |
Российская Федерация |
| 105 ## - ПОЛЕ КОДИРОВАННЫХ ДАННЫХ: ТЕКСТОВЫЕ МАТЕРИАЛЫ, МОНОГРАФИЧЕСКИЕ |
| Кодированные данные о монографическом текстовом документе |
a ||||||||| |
| 200 1# - ЗАГЛАВИЕ И СВЕДЕНИЯ ОБ ОТВЕТСТВЕННОСТИ |
| Основное заглавие |
Великий полководец |
| Сведения, относящиеся к заглавию |
к 100-летию со дня рождения Маршала Советского Союза, четырежды Героя Советского Союза Георгия Константиновича Жукова |
| -- |
биобиблиографический указатель |
| Первые сведения об ответственности |
Ком. по культуре г. Москвы, Гос. учреждение культуры г. Москвы, "Центр. универс. науч. б-ка им. Н.А. Некрасова" |
| Последующие сведения об ответственности |
[сост. Е.М. Андреева |
| -- |
науч. ред. И.И. Доронина] |
| 210 ## - ПУБЛИКАЦИЯ, РАСПРОСТРАНЕНИЕ И ДР. |
| Место издания, распространения и т.д. |
Москва |
| Имя издателя, распространителя и т. д. |
Центральная универсальная научная библиотека |
| Дата издания, распространения и т.д. |
2006 |
| 215 ## - ФИЗИЧЕСКАЯ ХАРАКТЕРИСТИКА |
| Специфическое обозначение материала и объем |
125,[2] с. |
| Другие сведения о физической характеристике |
ил., цв. ил., портр. |
| Размеры |
30 |
| 320 ## - ПРИМЕЧАНИЯ О НАЛИЧИИ В ДОКУМЕНТЕ БИБЛИОГРАФИИ / УКАЗАТЕЛЯ |
| Текст примечания |
Имен. указ.: с. 114-126 |
| 600 #1 - ИМЯ ЛИЦА КАК ПРЕДМЕТ |
| Начальный элемент ввода |
Жуков |
| Часть имени, кроме начального элемента ввода |
Г. К. |
| Расширение инициалов личного имени |
Георгий Константинович |
| Даты |
1896 - 1974 |
| Формальный подзаголовок |
Биобиблиография |
| Идентификатор авторитетной/нормативной записи |
RU\NLR\AUTH\66232715 |
| Системный номер авторитетной/нормативной записи |
1320557 |
| 686 ## - ИНДЕКСЫ ДРУГИХ КЛАССИФИКАЦИЙ |
| Индекс |
Ц35(2)722-424дЖуков.я1 |
| 686 ## - ИНДЕКСЫ ДРУГИХ КЛАССИФИКАЦИЙ |
| Индекс |
Т3(2)722.788Жуков Г.К.я1 |
| 702 #1 - ИМЯ ЛИЦА - ВТОРИЧНАЯ ОТВЕТСТВЕННОСТЬ |
| Код отношения |
Составитель |
| Материалы, к которым относится поле |
rus |
| Графика поля |
Кириллица |
| Начальный элемент ввода |
Андреева |
| Часть имени, кроме начального элемента ввода |
Е. М. |
| Дополнения к именам, кроме дат |
библиограф |
| Расширение инициалов личного имени |
Елена Михайловна |
| Идентификатор авторитетной/нормативной записи |
RU\NLR\auth\7758598 |
| Системный номер авторитетной/нормативной записи |
41530 |
| 702 #1 - ИМЯ ЛИЦА - ВТОРИЧНАЯ ОТВЕТСТВЕННОСТЬ |
| Код отношения |
Прочие |
| Материалы, к которым относится поле |
rus |
| Графика поля |
Кириллица |
| Начальный элемент ввода |
Жуков |
| Часть имени, кроме начального элемента ввода |
Г. К. |
| Дополнения к именам, кроме дат |
полководец |
| Даты |
1896-1974 |
| Расширение инициалов личного имени |
Георгий Константинович |
| Идентификатор авторитетной/нормативной записи |
RU\NLR\auth\7741788 |
| Системный номер авторитетной/нормативной записи |
24736 |
| 702 #1 - ИМЯ ЛИЦА - ВТОРИЧНАЯ ОТВЕТСТВЕННОСТЬ |
| Начальный элемент ввода |
Доронина |
| Часть имени, кроме начального элемента ввода |
И. И. |
| Код отношения |
Редактор |
| 712 02 - НАИМЕНОВАНИЕ ОРГАНИЗАЦИИ - ВТОРИЧНАЯ ОТВЕТСТВЕННОСТЬ |
| Код отношения |
Прочие |
| Начальный элемент ввода |
Центральная универсальная научная библиотека им. Н. А. Некрасова |
| Идентифицирующий признак |
Москва |
| Идентификатор авторитетной/нормативной записи |
RU\NLR\AUTH\8810094168 |
| Системный номер авторитетной/нормативной записи |
689519 |
| 801 #0 - ИСТОЧНИК ЗАПИСИ |
| Страна |
Российская Федерация |
| Организация |
NLR |
| Дата составления |
20070827 |
| Правила каталогизации |
RCR |
| 801 #1 - ИСТОЧНИК ЗАПИСИ |
| Страна |
Российская Федерация |
| Организация |
NLR |
| Дата составления |
20070827 |
| 942 ## - ДОПОЛНИТЕЛЬНЫЕ ЭЛЕМЕНТЫ ЗАПИСИ (АБИС) |
| Тип экземпляра АБИС |
Книга |
| 980 ## - КОЛЛЕКЦИЯ |
| Название коллекции |
Национальная библиография |